000 00689nam a2200217Ia 4500
003 GCL
008 140319s9999 xx 000 0 ara d
020 _a645843052
040 _aGCL /
_cGCL
082 0 4 _a323.1191597
_bا ا
100 1 _aابراهيم الداقوقى
245 1 0 _aاكراد تركيا /
_cابراهيم الداقوقى
260 _aسوريا :
_bدار المدى للثقافة والنشر ،
_c2003
300 _a494 ص ؛
_c24 سم
490 _a
650 0 4 _aالاكراد
650 0 4 _aالاقليات العرقية
650 0 4 _aالاكراد \ كردستان , الاكراد
650 0 4 _aالاقليات - تركيا
942 _2ddc
_cBK
999 _c44912
_d44912